| 000 | 00495nam a22001817a 4500 | ||
|---|---|---|---|
| 005 | 20260429092232.0 | ||
| 008 | 260429b |||||||| |||| 00| 0 eng d | ||
| 020 |
_a9780406000354 _qhbk |
||
| 041 | _aeng | ||
| 082 | _a348.42 ALL(R) | ||
| 100 | _aBridgman, G.F.L. ESQ. | ||
| 245 | _aThe All England Law Reports Reprint | ||
| 260 |
_aLondon _bButterworth & Co. (Publishers) Ltd. _c1962 |
||
| 300 |
_a1147 _c20cm |
||
| 504 | _aindex | ||
| 650 | _aLaws, regulations & cases | ||
| 942 | _cENGLISH | ||
| 999 |
_c621408 _d621408 |
||